| 000 | 00469cam a2200181ua 4500 | ||
|---|---|---|---|
| 001 | 2619 | ||
| 008 | 110829n ii |||gr||||Z||||||asm | ||
| 040 | _cMAIN | ||
| 082 | _a491.4515 | ||
| 100 | 1 |
_aed. by Sharma, Nabin Chandra, _eAuthor. |
|
| 245 | 1 | 1 |
_aDak prabachan _ced, by Nabin Chandra Sharma |
| 250 | _a1st. | ||
| 260 |
_aGuahati: _bBani prakash,987. _aCalcutta: |
||
| 300 |
_a240p: _c23cm. |
||
| 653 | _aAssamese Grammar | ||
| 653 | _aDak prabachan | ||
| 942 | _cBK | ||
| 999 |
_c2470 _d2470 |
||